[Event "Reykjavik op"]
[Site "Reykjavik"]
[Date "2015.03.14"]
[Round "6"]
[White "Stuhr, Peter Sebastian"]
[Black "Burgisser, Claude"]
[Result "1-0"]
[WhiteElo "1973"]
[BlackElo "1724"]
[PlyCount "69"]
[EventDate "2015.03.10"]
[EventType "swiss"]
[EventRounds "10"]
[EventCountry "ISL"]
[SourceTitle "CBM 165 Extra"]
[Source "ChessBase"]
[SourceDate "2015.04.21"]
[SourceVersion "1"]
[SourceVersionDate "2015.04.21"]
[SourceQuality "1"]

1. Nc3 f5 2. e4 d6 3. Bc4 Nf6 4. d4 fxe4 5. Bg5 Nbd7 6. Be6 c6 7. d5 Qa5 8. Qd4 Qb6 9. Nge2 Nc5 10. Bxf6 gxf6 11. Nxe4 Bg7 12. Nxc5 Qxc5 13. Qg4 Bxe6 14. dxe6 Qg5 15. Qh3 Qe5 16. Qb3 0-0-0 17. f4 Qe4 18. Qd3 Qxe6 19. 0-0 Qd5 20. Qxd5 cxd5 21. f5 e5 22. fxe6 Rde8 23. Nd4 f5 24. Nxf5 Be5 25. e7 Kd7 26. Rad1 Ke6 27. Rd3 Rhg8 28. Rb3 Rg5 29. Rbf3 Rh5 30. h4 Rxf5 31. Rxf5 Rxe7 32. b3 h6 33. Rh5 Bd4+ 34. Kh1 Bg7 35. Re1+ 1-0

[Event "Reykjavik op"]
[Site "Reykjavik"]
[Date "2015.03.12"]
[Round "4"]
[White "Hansen, Lars Henrik Bech"]
[Black "Burgisser, Claude"]
[Result "1-0"]
[WhiteElo "1994"]
[BlackElo "1724"]
[PlyCount "55"]
[EventDate "2015.03.10"]
[EventType "swiss"]
[EventRounds "10"]
[EventCountry "ISL"]
[SourceTitle "CBM 165 Extra"]
[Source "ChessBase"]
[SourceDate "2015.04.21"]
[SourceVersion "1"]
[SourceVersionDate "2015.04.21"]
[SourceQuality "1"]

1. e4 e6 2. d4 d5 3. Nc3 Bb4 4. Bd2 Ne7 5. Qg4 c5 6. a3 Bxc3 7. bxc3 Nbc6 8. e5 Qa5 9. Nf3 c4 10. Be2 Bd7 11. 0-0 a6 12. Rfb1 Rb8 13. Qxg7 Rg8 14. Qxh7 Kd8 15. Ng5 Nxd4 16. Bg4 Kc7 17. Qxf7 Ndc6 18. Be3 b5 19. Nxe6+ Bxe6 20. Qxe6 Kb7 21. a4 Ka8 22. axb5 Rxb5 23. Rd1 Qc7 24. Rxa6+ Kb7 25. Rda1 Rb1+ 26. Rxb1+ Kxa6 27. Be2 d4 28. Qxc4+ 1-0

[Event "Lisbon Christmas op"]
[Site "Lisbon"]
[Date "2014.12.30"]
[Round "8"]
[White "Burgisser, Claude"]
[Black "Mendes, Ines Goncalves Alve"]
[Result "1-0"]
[WhiteElo "1722"]
[BlackElo "1492"]
[PlyCount "117"]
[EventDate "2014.12.26"]
[EventType "swiss"]
[EventRounds "9"]
[EventCountry "POR"]
[SourceTitle "EXT 2018"]
[Source "ChessBase"]
[SourceDate "2017.10.13"]
[SourceVersion "1"]
[SourceVersionDate "2017.10.13"]
[SourceQuality "1"]

1. d4 d5 2. Nf3 Nf6 3. Bg5 e6 4. Nbd2 Be7 5. Bxf6 Bxf6 6. e4 dxe4 7. Nxe4 Be7 8. c3 Nd7 9. Rc1 0-0 10. Bd3 c5 11. Bb1 b6 12. Qc2 g6 13. h4 Nf6 14. Nxf6+ Bxf6 15. Rd1 Bb7 16. h5 Kg7 17. hxg6 hxg6 18. Ne5 Bxe5 19. dxe5 Qg5 20. f3 Qxe5+ 21. Kf2 Rad8 22. Rd3 Qf5 23. Qd2 Rxd3 24. Bxd3 Qd5 25. Qh6+ Kf6 26. Be4 Qd6 27. Bxb7 Rd8 28. Qh4+ Kg7 29. Re1 Rh8 30. Qg3 Qd2+ 31. Re2 Qd7 32. Be4 b5 33. Qe5+ Kg8 34. Qxc5 Rh5 35. Qe3 Qe7 36. Rd2 Qh4+ 37. Ke2 Qg3 38. Rd8+ Kg7 39. Qf2 Qc7 40. Qd4+ e5 41. Qd6 Qc4+ 42. Bd3 Qxa2 43. Qf8+ Kf6 44. Rd6+ Kg5 45. Qe7+ Kf4 46. Bc2 Qc4+ 47. Rd3 Kg3 48. b3 Qf4 49. Qc5 Kxg2 50. Qf2+ Kh3 51. Qf1+ Kh4 52. Qg1 f5 53. Re3 a6 54. Kd1 e4 55. Bxe4 Rg5 56. Qh1+ Kg3 57. Re2 Qd6+ 58. Rd2 Qa3 59. Qh2# 1-0

[Event "Lisbon Christmas op"]
[Site "Lisbon"]
[Date "2014.12.29"]
[Round "6"]
[White "Brethes, Francois"]
[Black "Burgisser, Claude"]
[Result "1-0"]
[WhiteElo "2276"]
[BlackElo "1722"]
[PlyCount "93"]
[EventDate "2014.12.26"]
[EventType "swiss"]
[EventRounds "9"]
[EventCountry "POR"]
[SourceTitle "EXT 2018"]
[Source "ChessBase"]
[SourceDate "2017.10.13"]
[SourceVersion "1"]
[SourceVersionDate "2017.10.13"]
[SourceQuality "1"]

1. e4 e6 2. d4 d5 3. e5 c5 4. c3 Bd7 5. Nf3 Qb6 6. Be2 Bb5 7. Be3 Bxe2 8. Qxe2 c4 9. 0-0 Nc6 10. b3 cxb3 11. axb3 Nh6 12. Nbd2 Nf5 13. b4 Be7 14. b5 Na5 15. Ra2 Rc8 16. Rfa1 Nc4 17. Nxc4 Rxc4 18. Rxa7 Nxe3 19. Ra8+ Bd8 20. fxe3 0-0 21. Qb2 g5 22. Nd2 Rc7 23. Nf1 f6 24. exf6 Rcf7 25. Ng3 Rxf6 26. Rf1 Rxf1+ 27. Nxf1 Kg7 28. Qe2 Qc7 29. Ra3 Be7 30. Rb3 Bd6 31. e4 dxe4 32. Qxe4 Qc4 33. Rb1 Rf7 34. Ne3 Qa2 35. Rf1 Bf4 36. Ng4 h5 37. Ne5 Bxh2+ 38. Kxh2 Rxf1 39. Qg6+ Kf8 40. Qh6+ Ke8 41. Qxh5+ Kd8 42. Qxg5+ Kc7 43. Qe7+ Kb8 44. Qd8+ Ka7 45. b6+ Ka6 46. Qa8+ Kxb6 47. Qxa2 1-0

[Event "Budapest FS04 FM-B"]
[Site "Budapest"]
[Date "2009.04.08"]
[Round "5"]
[White "Burgisser, Claude"]
[Black "Mihajlova, Diana"]
[Result "1/2-1/2"]
[WhiteElo "1741"]
[BlackElo "1553"]
[PlyCount "121"]
[EventDate "2009.04.04"]
[EventType "tourn"]
[EventRounds "9"]
[EventCountry "HUN"]
[SourceTitle "CBM 129 Extra"]
[Source "ChessBase"]
[SourceDate "2009.05.05"]
[SourceVersion "2"]
[SourceVersionDate "2009.05.20"]
[SourceQuality "1"]

1. d4 Nf6 2. Nf3 d5 3. c3 Nc6 4. Bg5 Qd6 5. Nbd2 h6 6. Bxf6 Qxf6 7. e4 dxe4 8. Nxe4 Qe6 9. Qe2 b6 10. Ng3 g5 11. Kd2 h5 12. Qxe6 Bxe6 13. Nxg5 Bh6 14. f4 Bd5 15. c4 Bxg5 16. fxg5 Be6 17. d5 0-0-0 18. Kc3 Bxd5 19. cxd5 Rxd5 20. Ba6+ Kb8 21. h4 Rc5+ 22. Kd2 Rd8+ 23. Ke3 Nb4 24. Raf1 Nxa6 25. Rxf7 e6 26. g6 Rg8 27. Rhf1 Rxg6 28. Ne4 Rc2 29. Rh7 Rgxg2 30. Rf8+ Kb7 31. a4 Rxb2 32. Nd6+ Kc6 33. Nf7 Rb3+ 34. Kd4 Rb4+ 35. Ke5 Re2+ 36. Kf6 Rxa4 37. Nd8+ Kd6 38. Nf7+ Kc6 39. Nd8+ Kb5 40. Rxh5+ Nc5 41. Re8 Rf4+ 42. Ke7 a5 43. Nf7 a4 44. Rc8 Kc6 45. Nd8+ Kb5 46. Rxc7 a3 47. Nb7 Rc4 48. Nd6+ Kb4 49. Nxc4 Kxc4 50. Rh8 a2 51. Ra8 Kb5 52. Rca7 Rh2 53. Rxa2 Rxh4 54. Rb2+ Rb4 55. Re2 Kc4 56. Rc8 Kd3 57. Re1 Kd2 58. Re5 Rd4 59. Rexc5 bxc5 60. Rxc5 Re4 61. Kd6 1/2-1/2

[Event "Budapest FS04 FM-B"]
[Site "Budapest"]
[Date "2009.04.07"]
[Round "4"]
[White "Farkas, Richard"]
[Black "Burgisser, Claude"]
[Result "1-0"]
[WhiteElo "1709"]
[BlackElo "1741"]
[PlyCount "91"]
[EventDate "2009.04.04"]
[EventType "tourn"]
[EventRounds "9"]
[EventCountry "HUN"]
[SourceTitle "CBM 129 Extra"]
[Source "ChessBase"]
[SourceDate "2009.05.05"]
[SourceVersion "2"]
[SourceVersionDate "2009.05.20"]
[SourceQuality "1"]

1. e4 e6 2. d4 d5 3. Nd2 Nc6 4. c3 Nf6 5. e5 Nd7 6. Bb5 a6 7. Bd3 Ne7 8. Ngf3 c5 9. 0-0 Ng6 10. Bxg6 hxg6 11. Nb3 c4 12. Nbd2 f5 13. Re1 g5 14. Nf1 Be7 15. Qd2 Rh5 16. Ng3 Rh6 17. Nxg5 Bxg5 18. Qxg5 Qxg5 19. Bxg5 Rg6 20. h4 Nf8 21. Nh5 Nh7 22. Nf4 Rxg5 23. hxg5 Nxg5 24. b3 cxb3 25. axb3 b5 26. f3 Nf7 27. Ra5 Kd7 28. Nxd5 Kc6 29. Ne7+ Kb6 30. Rea1 Bb7 31. c4 bxc4 32. bxc4 Rd8 33. c5+ Kc7 34. c6 Bxc6 35. Nxc6 Kxc6 36. Rxa6+ Kd5 37. R1a4 Rb8 38. R6a5+ Kc6 39. Rc4+ Kd7 40. Ra7+ Ke8 41. Rcc7 Nd8 42. Rxg7 Kf8 43. Rh7 Kg8 44. Rag7+ Kf8 45. Kh2 Rb4 46. Rd7 1-0

[Event "Cergy Pontoise op"]
[Site "Cergy Pontoise"]
[Date "2003.03.22"]
[Round "2"]
[White "Burgisser, Claude"]
[Black "Behr, Benjamin"]
[Result "0-1"]
[WhiteElo "1650"]
[BlackElo "2197"]
[PlyCount "49"]
[EventDate "2003.03.??"]
[EventType "swiss (rapid)"]
[EventRounds "10"]
[EventCountry "FRA"]
[SourceTitle "CBM 093 Extra"]
[Source "ChessBase"]
[SourceDate "2003.05.09"]
[SourceVersion "1"]
[SourceVersionDate "2003.05.09"]
[SourceQuality "1"]

1. d4 Nf6 2. c4 g6 3. Nc3 Bg7 4. e4 d6 5. f3 0-0 6. Be3 c6 7. Qd2 e5 8. dxe5 dxe5 9. Rd1 Qe7 10. Nge2 Be6 11. Ng3 Re8 12. Be2 Nbd7 13. h4 h5 14. Qd6 Qxd6 15. Rxd6 Bf8 16. Rd2 Be7 17. Kf2 Red8 18. Rhd1 Nh7 19. f4 exf4 20. Bxf4 Nb6 21. b3 Bxh4 22. Ke3 Be7 23. Na4 Nxa4 24. bxa4 Bc5+ 25. Kf3 0-1

[Event "Val Maubuee op"]
[Site "Val Maubuee"]
[Date "1989.??.??"]
[Round "?"]
[White "Marcos, Fernando"]
[Black "Burgisser, Claude"]
[Result "1/2-1/2"]
[WhiteElo "1830"]
[BlackElo "1670"]
[PlyCount "124"]
[EventDate "1989.04.??"]
[EventType "swiss"]
[EventRounds "9"]
[EventCountry "FRA"]
[SourceTitle "TD"]
[Source "ChessBase"]
[SourceDate "1994.03.01"]
[SourceVersion "1"]
[SourceVersionDate "1994.03.01"]
[SourceQuality "1"]

1. c4 e5 2. Nc3 d6 3. g3 f5 4. d3 Nf6 5. Bg2 Be7 6. Nh3 c6 7. 0-0 Na6 8. d4 e4 9. d5 Bd7 10. e3 Nb4 11. Nf4 g5 12. Nfe2 Nd3 13. Rb1 Ng4 14. f3 exf3 15. Bxf3 Nxc1 16. Qxc1 f4 17. Bxg4 Bxg4 18. exf4 Qb6+ 19. Kg2 h6 20. Qd2 0-0-0 21. Qd4 Rhe8 22. Qxb6 axb6 23. h3 Bxe2 24. Nxe2 Bf6 25. Rf2 gxf4 26. Nxf4 Be5 27. Ne6 Rd7 28. Rbf1 b5 29. b3 bxc4 30. bxc4 Rde7 31. Rf8 b5 32. cxb5 cxd5 33. Rxe8+ Rxe8 34. Nf4 d4 35. Nd5 Kb8 36. g4 Rc8 37. Kf3 Rc5 38. Ke4 Rxb5 39. Rf5 d3 40. Nc3 Rc5 41. Nd1 Rc1 42. Rf1 d2 43. Kd3 Ra1 44. Kxd2 Rxa2+ 45. Kc1 Kc7 46. Ne3 Ra1+ 47. Kd2 Ra3 48. Ke2 Kd7 49. Rf3 Ra8 50. Rf5 Ke6 51. Rh5 Rh8 52. Nf5 Bf4 53. Kf3 Bc1 54. h4 Rf8 55. Ke4 Rf6 56. Nd4+ Kf7 57. Rf5 Ba3 58. Kd5 Kg6 59. Ke4 Bb2 60. Rxf6+ Kxf6 61. Nf5 d5+ 62. Kxd5 h5 1/2-1/2